|
|
|
|
| LEADER |
00000nas a2200000 a 4500 |
| 001 |
ssj0001454331 |
| 003 |
WaSeSS |
| 005 |
20200512172242.0 |
| 006 |
m d |
| 007 |
cr n |
| 008 |
090716c20109999nyuqr p s | a0eng |
| 010 |
|
|
|a 2009203349
|
| 022 |
|
|
|y 1949-4904
|
| 035 |
|
|
|a (WaSeSS)ssj0001454331
|
| 037 |
|
|
|b Nova Science Publishers, Inc., 400 Oser Ave., Ste. 1600, Hauppauge, NY 11788-3619
|c $245.00 (1 yr.)
|
| 040 |
|
|
|a DLC
|b eng
|c DLC
|d DLC
|d OCLCF
|d AU@
|d CUS
|d WaSeSS
|
| 042 |
|
|
|a pcc
|a nsdp
|
| 050 |
0 |
0 |
|a TJ163.12
|b .J68
|
| 082 |
1 |
0 |
|a 621
|2 14
|
| 210 |
0 |
|
|a J. mechatron. intell. manuf.
|
| 222 |
|
0 |
|a Journal of mechatronics and intelligent manufacturing
|
| 245 |
0 |
0 |
|a Journal of mechatronics and intelligent manufacturing
|h [electronic resource].
|
| 260 |
|
|
|a Hauppauge, N.Y. :
|b Nova Science Publishers, Inc.
|
| 310 |
|
|
|a Quarterly
|
| 362 |
1 |
|
|a Began with v. 1, issue 1/2 (2010).
|
| 506 |
|
|
|a License restrictions may limit access.
|
| 515 |
|
|
|a Has combined numbers.
|
| 588 |
|
|
|a Description based on: Vol. 1, issue 1/2 (2010); title from cover.
|
| 588 |
|
|
|a Latest issue consulted: Vol. 2, issue 1/2 (2011).
|
| 650 |
|
0 |
|a Mechatronics
|v Periodicals.
|
| 650 |
|
0 |
|a Manufacturing processes
|x Automation
|v Periodicals.
|
| 650 |
|
0 |
|a Intelligent control systems
|v Periodicals.
|
| 650 |
|
7 |
|a Intelligent control systems.
|2 fast
|0 (OCoLC)fst00975911
|
| 650 |
|
7 |
|a Manufacturing processes
|x Automation.
|2 fast
|0 (OCoLC)fst01008141
|
| 650 |
|
7 |
|a Mechatronics.
|2 fast
|0 (OCoLC)fst01013514
|
| 655 |
|
0 |
|a Electronic journals.
|
| 850 |
|
|
|a DLC
|
| 856 |
4 |
0 |
|z Full text available from Research Library: 01/01/2011 to 07/31/2012
|u https://search.proquest.com/publication/2034833
|